Pays possédant l'arme nucléaire - Statistiques

Statistiques générales
  • Ce quiz a été pris 153 fois
  • Le résultat moyen est 8 sur 9
Statistiques - réponses
Nombre d'ogives pays % Correct
5044 États-Unis
100%
290 France
100%
5580 Russie
99%
500 Chine
97%
225 Royaume-Uni
91%
170 Inde
86%
50 Corée du Nord
84%
90 Israël
76%
170 Pakistan
72%
Aucun quiz correspondant
Distribution des résultats
% des personnes avec chaque résultat
Percentile par nombre de réponses
Votre historique - résultats
Vous n’avez pas pris ce quiz